000 00497nam a2200169Ia 4500
005 20250508160257.0
008 008 250505s9999 xx 000 0 eng d
037 _aTextual
040 _aFEDL
_beng
_cFEDL
041 _aeng
_2eng
084 _a371.38, CAL
_qFEDL
245 0 _aHandbook on : Work experience education
260 _aCalifornia, USA
_bCalifornia State Department of Education
_c1965
300 _a112p.
942 _cTEXL
_h371.38, CAL
999 _c1363328
_d1363328